Đa dạng động vật nổi trong và ngoài đê bao khép kín huyện Chợ Mới và Phú Tân tỉnh An Giang sau mùa lũ 2014 : Luận văn tốt nghiệp Cao học. Chuyên ngành Khoa học môi trường

Đề tài so sánh đa dạng động vật nổi về số loài, mật độ, chỉ số đa dạng sinh học, độ đồng đều và tính tương đồng giữa 2 khu vực khảo sát thuộc trong và ngoài đê bao khép kín huyện Chợ Mới và Phú Tân, tỉnh An Giang nhằm đánh giá sự ảnh...

Deskribapen osoa

Gorde:
Xehetasun bibliografikoak
Egile nagusia: Nguyễn, Tuấn Thanh
Formatua: Liburua
Hizkuntza:Undetermined
Argitaratua: Cần Thơ Trường Đại học Cần Thơ 2015
Gaiak:
Etiketak: Etiketa erantsi
Etiketarik gabe, Izan zaitez lehena erregistro honi etiketa jartzen!
Thư viện lưu trữ: Trung tâm Học liệu Trường Đại học Cần Thơ
LEADER 01351nam a2200217Ia 4500
001 CTU_206009
008 210402s9999 xx 000 0 und d
082 |a 577.6 
082 |b Th107 
088 |a 60440301 
100 |a Nguyễn, Tuấn Thanh 
245 0 |a Đa dạng động vật nổi trong và ngoài đê bao khép kín huyện Chợ Mới và Phú Tân tỉnh An Giang sau mùa lũ 2014 : 
245 0 |b Luận văn tốt nghiệp Cao học. Chuyên ngành Khoa học môi trường 
245 0 |c Nguyễn Tuấn Thanh ; Nguyễn Hữu Chiếm (Cán bộ hướng dẫn) 
260 |a Cần Thơ 
260 |b Trường Đại học Cần Thơ 
260 |c 2015 
520 |a Đề tài so sánh đa dạng động vật nổi về số loài, mật độ, chỉ số đa dạng sinh học, độ đồng đều và tính tương đồng giữa 2 khu vực khảo sát thuộc trong và ngoài đê bao khép kín huyện Chợ Mới và Phú Tân, tỉnh An Giang nhằm đánh giá sự ảnh hưởng của đê bao đến tính đa dạng sinh học. 
650 |a Sinh thái học nước ngọt,Freshwater ecology 
904 |i Hải 
980 |a Trung tâm Học liệu Trường Đại học Cần Thơ